| 000 | 00896nam a2200193 a 4500 | ||
|---|---|---|---|
| 008 | 120416s1989 ||||||||||||||||| || u | ||
| 020 | _a0333473981 | ||
| 050 | _aTK 5102.5 Dav | ||
| 100 | _aDavidson, C. W | ||
| 245 | 1 | 0 | _aTransmission lines for communications |
| 246 | _awith CAD programs | ||
| 250 | _a2nd ed. | ||
| 260 |
_aLondon _bMacmillan _c1989 |
||
| 300 | _avii, 244p. : ill. | ||
| 350 | _a0.00 | ||
| 995 |
_aMAIN LIBRARY OPEN ACCESS _D0.00 _e017371 _FCBU-MAIN LIBRARY (Kitwe) _H2 _I25.00 _jTK 5102.5 Dav _M721108 _UAVAILABLE _y017371 _ZMain Library Open Access Collection |
||
| 995 |
_aMAIN LIBRARY OPEN ACCESS _D0.00 _e722282 _FCBU-MAIN LIBRARY (Kitwe) _H1 _I25.00 _jTK 5102.5 Dav _UAVAILABLE _y017372 _ZMain Library Open Access Collection |
||
| 995 |
_aANNEX COLLECTION (Main Library) _D0.00 _e722281 _FCBU-MAIN LIBRARY (Kitwe) _H3 _I25.00 _jTK 5102.5 Dav _UAVAILABLE _y017370 _ZAnnex Low-Usage Collection |
||
| 999 |
_c81412 _d81412 |
||